TRB botany/ (Record no. 171146)
[ view plain ]
| 000 -LEADER | |
|---|---|
| fixed length control field | 00722 a2200217 4500 |
| 005 - DATE AND TIME OF LATEST TRANSACTION | |
| control field | 20210722152949.0 |
| 010 ## - LCCN (DPL NO) | |
| LC control number | ENG-127322-23 |
| 020 ## - INTERNATIONAL STANDARD BOOK NUMBER | |
| Terms of availability | 450.00 (v.I) |
| International Standard Book Number | 9789386519153 |
| 020 ## - INTERNATIONAL STANDARD BOOK NUMBER | |
| Terms of availability | 550.00(v.II) |
| International Standard Book Number | 9789386519160 |
| 035 ## - SYSTEM CONTROL NUMBER | |
| System control number | EN-110854-855 |
| 037 ## - SOURCE OF ACQUISITION | |
| Source of stock number/acquisition | DBAD / PUB |
| 082 14 - DEWEY DECIMAL CLASSIFICATION NUMBER | |
| Classification number | 580 |
| 100 1# - MAIN ENTRY--PERSONAL NAME | |
| Personal name | Arumugam, N. |
| 245 1# - TITLE STATEMENT | |
| Title | TRB botany/ |
| Statement of responsibility, etc | by Arumugam,N |
| 246 ## - VARYING FORM OF TITLE | |
| Title proper/short title | TRB PG Assistants examination botany |
| 260 ## - PUBLICATION, DISTRIBUTION, ETC. (IMPRINT) | |
| Place of publication, distribution, etc | Kanyakumari |
| Name of publisher, distributor, etc | Saras Publication |
| Date of publication, distribution, etc | 2018 |
| 270 ## - ADDRESS | |
| Address | 114/35G A.R.P Camp Road,Periavilai,Kottar P.O.'Nagercoil |
| City | Kanyakumari |
| State or province | T.N. |
| Postal code | 629002 |
| 300 ## - PHYSICAL DESCRIPTION | |
| Extent | 2 V. (XVI, 540p.; XVI, 636p.) |
| Dimensions | 23cm(pbk) |
| 505 ## - FORMATTED CONTENTS NOTE | |
| Formatted contents note | V.I-Unit 1-4; V.II-Unit 5-10 |
| 942 ## - ADDED ENTRY ELEMENTS (KOHA) | |
| Institution code [OBSOLETE] | dpl |
| Item type | English Books |
| Source of classification or shelving scheme | Dewey Decimal Classification |
| Classification part | 580 |
| Call number suffix | ARU |
| Withdrawn status | Lost status | Materials specified (bound volume or other part) | Not for loan | Collection code | Home library | Current library | Date acquired | Source of acquisition | Cost, normal purchase price | Full call number | Barcode | Copy number | Cost, replacement price | Koha item type |
|---|---|---|---|---|---|---|---|---|---|---|---|---|---|---|
| V.-1 | Not For Loan | Non-fiction | Central Library | Central Library | 07/01/2020 | DBAD/PUB | 450.00 | 580 ARU | EN-110854 | 1 | 450.00 | English Books | ||
| V.-2 | Not For Loan | Non-fiction | Central Library | Central Library | 07/01/2020 | DBAD/PUB | 550.00 | 580 ARU | EN-110855 | 1 | 550.00 | English Books |
